000 002900000a22000970004500
100 1 _aBock, Darrell L.
245 1 0 _aWhy I am a dispensationalist with a small "d"
300 _aVol. 41, Num. 3 (Septiembre, 1998), Páginas 383-396
773 0 _tJournal of the Theological Society
942 _cANA
999 _c54585
_d54585